00422nam a2200133 a 450008200180000010000280001824500530004626000350009930000080013450000350014250500680017765000150024570000280026000a220.5914bBAR aBarkatullah, Archdeacon aAnjil Arbaa Ki Zuban Aur Chand Ayaat Ka Tarjuma. aAmritsarbRama Art Pressc1953 a96p aincludes index and biblioraphy2 aAramaic Approach to the Four Gospels By Archdeacon Barkat Ullah aBible-Urdu1 aBarkatullah, Archdeacon